| 000 | 00655nam a22002057i 4500 | ||
|---|---|---|---|
| 999 |
_c22926 _d22926 |
||
| 003 | AR-CdUCM | ||
| 008 | 240529b20222022 es||||| |||| 00| 0 spa d | ||
| 020 | _a978-84-125669-0-1 | ||
| 040 |
_aMUNICIPALIDAD PROVINCIAL DEL CUSCO _cBIBLIOTECA MUNICIPAL DEL CUSCO |
||
| 082 |
_a861.301 / C24M _bC24M |
||
| 100 |
_aCampos Espinoza, Fanny. _950018 |
||
| 245 | _aMater-Nación / | ||
| 260 |
_aEspaña : _bUniversidad Popular Municipal de Jaén, _c2022 |
||
| 300 |
_a63 páginas. : _c21 cm. |
||
| 650 |
_aPoesía feminista _950019 |
||
| 650 |
_aA tomar las calles _950020 |
||
| 650 |
_aMaternando _950021 |
||
| 942 |
_2ddc _cLIBROS |
||
| 945 |
_apbj _d2024-05-29 |
||